Normal view
MARC view
- Saad Athar Rashid
Entry Personal Name
001 - CONTROL NUMBER
- control field: 48270
003 - CONTROL NUMBER IDENTIFIER
- control field: NUST
005 - DATE AND TIME OF LATEST TRANSACTION
- control field: 20210314134021.0
008 - FIXED-LENGTH DATA ELEMENTS
- fixed length control field: 210314|| aca||aabn | a|a d
040 ## - CATALOGING SOURCE
- Original cataloging agency: NUST
- Transcribing agency: NUST
100 ## - HEADING--PERSONAL NAME
- Personal name: Saad Athar Rashid
670 ## - SOURCE DATA FOUND
- Source citation: Work cat.: (NUST): Saad Athar Rashid, Preparation of Fiber Reinforced Concrete Using Lacally Available Maerial, 18-11-2011
